<?xml version="1.0" encoding="UTF-8"?>
<record
    xmlns:xsi="http://www.w3.org/2001/XMLSchema-instance"
    xsi:schemaLocation="http://www.loc.gov/MARC21/slim http://www.loc.gov/standards/marcxml/schema/MARC21slim.xsd"
    xmlns="http://www.loc.gov/MARC21/slim">

  <leader>01056nam a2200301 i 4500</leader>
  <controlfield tag="001">000045482</controlfield>
  <controlfield tag="003">DO-SdBNP</controlfield>
  <controlfield tag="005">20240417080359.0</controlfield>
  <controlfield tag="007">ta</controlfield>
  <controlfield tag="008">150409s2014    dr a    r     001 0 spa d</controlfield>
  <datafield tag="020" ind1=" " ind2=" ">
    <subfield code="a">9789945472455</subfield>
  </datafield>
  <datafield tag="040" ind1=" " ind2=" ">
    <subfield code="a">DO-SdBNP</subfield>
    <subfield code="b">spa</subfield>
    <subfield code="c">BNPHU</subfield>
    <subfield code="e">rda</subfield>
  </datafield>
  <datafield tag="082" ind1=" " ind2=" ">
    <subfield code="a">540.7</subfield>
    <subfield code="b">Q59q</subfield>
    <subfield code="2">22</subfield>
  </datafield>
  <datafield tag="100" ind1="1" ind2=" ">
    <subfield code="a">Quezada, Rafael</subfield>
    <subfield code="9">73532</subfield>
  </datafield>
  <datafield tag="245" ind1="1" ind2="0">
    <subfield code="a">Qu&#xED;mica general :</subfield>
    <subfield code="b">gu&#xED;a de ejercicios y problemas /</subfield>
    <subfield code="c">Rafael Quezada.</subfield>
  </datafield>
  <datafield tag="264" ind1=" " ind2="1">
    <subfield code="a">Santo Domingo :</subfield>
    <subfield code="b">Instituto Tecnol&#xF3;gico de Santo Domingo,</subfield>
    <subfield code="c">2014.</subfield>
  </datafield>
  <datafield tag="300" ind1=" " ind2=" ">
    <subfield code="a">2 vol&#xFA;menes </subfield>
    <subfield code="b">ilustraciones</subfield>
    <subfield code="c">28 cm.</subfield>
  </datafield>
  <datafield tag="336" ind1=" " ind2=" ">
    <subfield code="2">rdacontent</subfield>
    <subfield code="a">texto</subfield>
    <subfield code="b">txt</subfield>
  </datafield>
  <datafield tag="337" ind1=" " ind2=" ">
    <subfield code="2">rdamedia</subfield>
    <subfield code="a">sin mediaci&#xF3;n</subfield>
    <subfield code="b">n</subfield>
  </datafield>
  <datafield tag="338" ind1=" " ind2=" ">
    <subfield code="2">rdacarrier</subfield>
    <subfield code="a">volumen</subfield>
    <subfield code="b">nc</subfield>
  </datafield>
  <datafield tag="504" ind1=" " ind2=" ">
    <subfield code="a">Bibliograf&#xED;a : p. 119-120, v.2 : 180-182</subfield>
  </datafield>
  <datafield tag="590" ind1=" " ind2=" ">
    <subfield code="a">Inventariado, 2020/BT</subfield>
  </datafield>
  <datafield tag="650" ind1=" " ind2=" ">
    <subfield code="a">Qu&#xED;mica general </subfield>
    <subfield code="x">Experimentos.</subfield>
    <subfield code="9">77314</subfield>
  </datafield>
  <datafield tag="650" ind1=" " ind2="4">
    <subfield code="a">Qu&#xED;mica </subfield>
    <subfield code="v">Problemas, ejercicios, etc.</subfield>
    <subfield code="9">77315</subfield>
  </datafield>
  <datafield tag="650" ind1=" " ind2="4">
    <subfield code="a">Qu&#xED;mica  anal&#xED;stica </subfield>
    <subfield code="v">Manuales de laboratorio</subfield>
    <subfield code="9">77316</subfield>
  </datafield>
  <datafield tag="710" ind1="2" ind2=" ">
    <subfield code="a">Instituto Tecnol&#xF3;gico de Santo Domingo</subfield>
    <subfield code="9">78911</subfield>
  </datafield>
  <datafield tag="942" ind1=" " ind2=" ">
    <subfield code="2">ddc</subfield>
    <subfield code="c">LBS1</subfield>
  </datafield>
  <datafield tag="952" ind1=" " ind2=" ">
    <subfield code="0">0</subfield>
    <subfield code="1">0</subfield>
    <subfield code="5">4</subfield>
    <subfield code="7">0</subfield>
    <subfield code="8">PD</subfield>
    <subfield code="a">GR</subfield>
    <subfield code="b">GR</subfield>
    <subfield code="c">HD</subfield>
    <subfield code="d">2018-11-20</subfield>
    <subfield code="i">LF1</subfield>
    <subfield code="l">0</subfield>
    <subfield code="o">v.2, e.3</subfield>
    <subfield code="p">45482-50</subfield>
    <subfield code="r">2020-06-25</subfield>
    <subfield code="w">2020-06-25</subfield>
    <subfield code="y">LFPD</subfield>
    <subfield code="Z">Pr&#xE9;stamo en sala</subfield>
  </datafield>
  <datafield tag="952" ind1=" " ind2=" ">
    <subfield code="0">0</subfield>
    <subfield code="1">0</subfield>
    <subfield code="2">ddc</subfield>
    <subfield code="5">3</subfield>
    <subfield code="7">0</subfield>
    <subfield code="8">PD</subfield>
    <subfield code="a">BNPHU</subfield>
    <subfield code="b">BNPHU</subfield>
    <subfield code="c">HD</subfield>
    <subfield code="d">2015-04-09</subfield>
    <subfield code="e">Deposito Legal </subfield>
    <subfield code="i"> </subfield>
    <subfield code="l">0</subfield>
    <subfield code="o"> BNPHU PD</subfield>
    <subfield code="p">45482-10</subfield>
    <subfield code="r">2020-06-25</subfield>
    <subfield code="t">v. 1</subfield>
    <subfield code="w">2020-06-25</subfield>
    <subfield code="y">LBS1</subfield>
  </datafield>
  <datafield tag="952" ind1=" " ind2=" ">
    <subfield code="0">0</subfield>
    <subfield code="1">0</subfield>
    <subfield code="2">ddc</subfield>
    <subfield code="7">1</subfield>
    <subfield code="8">PD</subfield>
    <subfield code="a">BNPHU</subfield>
    <subfield code="b">PD</subfield>
    <subfield code="c">HD</subfield>
    <subfield code="d">2015-04-09</subfield>
    <subfield code="e">Editora B&#xFA;ho </subfield>
    <subfield code="i"> </subfield>
    <subfield code="l">0</subfield>
    <subfield code="o"> BNPHU PD 540.7 Q5q</subfield>
    <subfield code="p">45482-20</subfield>
    <subfield code="r">2020-06-25</subfield>
    <subfield code="t">v.2</subfield>
    <subfield code="w">2020-06-25</subfield>
    <subfield code="y">LFPD</subfield>
  </datafield>
  <datafield tag="952" ind1=" " ind2=" ">
    <subfield code="0">0</subfield>
    <subfield code="1">0</subfield>
    <subfield code="2">ddc</subfield>
    <subfield code="5">6</subfield>
    <subfield code="7">0</subfield>
    <subfield code="8">DS</subfield>
    <subfield code="a">BNPHU</subfield>
    <subfield code="b">GR</subfield>
    <subfield code="c">HD</subfield>
    <subfield code="d">2018-11-20</subfield>
    <subfield code="e">Editora B&#xFA;ho </subfield>
    <subfield code="i"> </subfield>
    <subfield code="l">0</subfield>
    <subfield code="o">BNPHU  PD 540.7 Q5q</subfield>
    <subfield code="p">45482-30</subfield>
    <subfield code="r">2020-06-25</subfield>
    <subfield code="t">v..2, e.3</subfield>
    <subfield code="w">2020-06-25</subfield>
    <subfield code="y">LFDS</subfield>
  </datafield>
  <datafield tag="952" ind1=" " ind2=" ">
    <subfield code="0">0</subfield>
    <subfield code="1">0</subfield>
    <subfield code="2">ddc</subfield>
    <subfield code="5">6</subfield>
    <subfield code="7">2</subfield>
    <subfield code="8">PD</subfield>
    <subfield code="a">BNPHU</subfield>
    <subfield code="b">GR</subfield>
    <subfield code="c">HD</subfield>
    <subfield code="d">2018-11-20</subfield>
    <subfield code="e">Editora B&#xFA;ho </subfield>
    <subfield code="i"> </subfield>
    <subfield code="l">0</subfield>
    <subfield code="o">BNPHU  DS 540.7 Q5q</subfield>
    <subfield code="p">45482-40</subfield>
    <subfield code="r">2020-06-25</subfield>
    <subfield code="t">v.2, e.2</subfield>
    <subfield code="w">2020-06-25</subfield>
    <subfield code="y">LFPD</subfield>
  </datafield>
  <datafield tag="952" ind1=" " ind2=" ">
    <subfield code="0">0</subfield>
    <subfield code="1">0</subfield>
    <subfield code="2">ddc</subfield>
    <subfield code="5">3</subfield>
    <subfield code="7">0</subfield>
    <subfield code="8">PD</subfield>
    <subfield code="a">BNPHU</subfield>
    <subfield code="b">BNPHU</subfield>
    <subfield code="c">HD</subfield>
    <subfield code="d">2018-04-12</subfield>
    <subfield code="e">Donado por Editora B&#xFA;ho</subfield>
    <subfield code="i"> </subfield>
    <subfield code="l">0</subfield>
    <subfield code="o"> BNPHU PD</subfield>
    <subfield code="p">2024-2310</subfield>
    <subfield code="r">2024-04-17</subfield>
    <subfield code="t">v. 1, e. 2</subfield>
    <subfield code="w">2020-06-25</subfield>
    <subfield code="y">LBS1</subfield>
  </datafield>
  <datafield tag="952" ind1=" " ind2=" ">
    <subfield code="0">0</subfield>
    <subfield code="1">0</subfield>
    <subfield code="2">ddc</subfield>
    <subfield code="5">6</subfield>
    <subfield code="7">0</subfield>
    <subfield code="8">DS</subfield>
    <subfield code="a">BNPHU</subfield>
    <subfield code="b">BNPHU</subfield>
    <subfield code="c">HD</subfield>
    <subfield code="d">2018-04-12</subfield>
    <subfield code="e">Donado por Editora B&#xFA;ho</subfield>
    <subfield code="i"> </subfield>
    <subfield code="l">0</subfield>
    <subfield code="o"> BNPHU PD</subfield>
    <subfield code="p">2024-2311</subfield>
    <subfield code="r">2024-04-17</subfield>
    <subfield code="t">v. 1, e. 3</subfield>
    <subfield code="w">2020-06-25</subfield>
    <subfield code="y">LBS1</subfield>
  </datafield>
  <datafield tag="999" ind1=" " ind2=" ">
    <subfield code="c">44971</subfield>
    <subfield code="d">44971</subfield>
  </datafield>
</record>
